000
00369nam a22001337a 4500
003
SGT
020
_a
9789353226220
082
_a
080
_b
C20K
100
_a
कुमार, इंद्रेश
245
_a
छुआछूत मुक्त समरस भारत
260
_b
प्रभात प्रकाशन
_c
2020
300
_a
184
942
_2
ddc
_c
BK
999
_c
31627
_d
31627